Byzantine studies and other essays /

محفوظ في:

المؤلف الرئيسي: Baynes, Norman Hepburn, 1877-1961 (مؤلف)

التنسيق: كتاب

اللغة: English

منشور في: [London] : University of London, Athlone Press, 1955.

الموضوعات:

الوسوم: إضافة وسم

لا توجد وسوم, كن أول من يضع وسما على هذه التسجيلة!

رقم الطلب: DF503 .B33 1955

LEADER 00702nam a2200241Ia 4500
001 6178
003 OSt
005 20260104144004.0
008 130303s1955 enka 000 0 eng d
010 |a 55003149 
015 |a GB55-4098 
029 1 |a UKM  |b b5504098 
035 |a ocm41499922 
040 |c ARCE Library 
050 4 |a DF503 .B33 1955 
100 1 |a Baynes, Norman Hepburn,  |d 1877-1961,  |e author  |9 26430 
245 1 0 |a Byzantine studies and other essays /  |c Norman Hepburn Baynes. 
264 1 |a [London] :   |b University of London, Athlone Press,   |c 1955. 
300 |a 392 pages :  |b illustrations ;  |c 23 cm. 
651 0 |a Byzantine Empire   |x History. 
901 |a reviewed 
942 |c BK  |2 lcc 
999 |c 4845  |d 4845